00740nam a2200217Ia 4500003000900000008004100009020001800050040001600068080001600084245011800100260003400218300001600252650002600268650002700294650002900321650001900350700002900369942000700398999001500405952010200420IN-BaIIA211028s9999 xx 000 0 eng d a3-540-13006-3 cIIA Library a621.32bSCH 0aMultiresolution image processing and analysiscedited by A. Rosenfeld  aBerlinbSpringer-Verlagc1984 aviii, 385p. aData Processing94335 aImage Processing96569 aImaging Techniques97786 aNASA Thesaurus aRosenfeld, A., ed910064 cBK c8259d8259 00104070aBANbBANcGENd1985-05-06l0o621.32/ SCHp9103r2021-11-05w1985-05-06yBKGDM 75.00